<?xml version="1.0" encoding="UTF-8"?><marc:collection xmlns:marc="http://www.loc.gov/MARC21/slim">
  <marc:record>
    <marc:leader>00000nam  2200000za 4500</marc:leader>
    <marc:controlfield tag="001">9.822558</marc:controlfield>
    <marc:controlfield tag="003">CaOODSP</marc:controlfield>
    <marc:controlfield tag="005">20241101140938</marc:controlfield>
    <marc:controlfield tag="007">cr |||||||||||</marc:controlfield>
    <marc:controlfield tag="008">161104s2016    onc     ob   f000 0 eng d</marc:controlfield>
    <marc:datafield tag="020" ind1=" " ind2=" ">
      <marc:subfield code="a">978-0-660-06049-1</marc:subfield>
    </marc:datafield>
    <marc:datafield tag="040" ind1=" " ind2=" ">
      <marc:subfield code="a">CaOODSP</marc:subfield>
      <marc:subfield code="b">eng</marc:subfield>
    </marc:datafield>
    <marc:datafield tag="043" ind1=" " ind2=" ">
      <marc:subfield code="a">n-cn---</marc:subfield>
    </marc:datafield>
    <marc:datafield tag="086" ind1="1" ind2=" ">
      <marc:subfield code="a">V104-13/2016E-PDF</marc:subfield>
    </marc:datafield>
    <marc:datafield tag="245" ind1="0" ind2="0">
      <marc:subfield code="a">Fair compensation to veterans and their survivors for their pain and suffering </marc:subfield>
      <marc:subfield code="h">[electronic resource] / </marc:subfield>
      <marc:subfield code="c">Veterans Ombudsman.</marc:subfield>
    </marc:datafield>
    <marc:datafield tag="260" ind1=" " ind2=" ">
      <marc:subfield code="a">Ottawa : </marc:subfield>
      <marc:subfield code="b">Office of the Veterans Ombudsman, </marc:subfield>
      <marc:subfield code="c">2016.</marc:subfield>
    </marc:datafield>
    <marc:datafield tag="300" ind1=" " ind2=" ">
      <marc:subfield code="a">53 p.</marc:subfield>
    </marc:datafield>
    <marc:datafield tag="500" ind1=" " ind2=" ">
      <marc:subfield code="a">Issued also in French under title: Une indemnisation juste de la douleur et de la souffrance pour les vétérans et leurs survivants.</marc:subfield>
    </marc:datafield>
    <marc:datafield tag="500" ind1=" " ind2=" ">
      <marc:subfield code="a">"July 2016."</marc:subfield>
    </marc:datafield>
    <marc:datafield tag="504" ind1=" " ind2=" ">
      <marc:subfield code="a">Includes bibliographical references.</marc:subfield>
    </marc:datafield>
    <marc:datafield tag="520" ind1=" " ind2=" ">
      <marc:subfield code="a">"VAC provides two types of financial benefits to compensate for the effects of service-related disability or death: economic benefits and non-economic benefits. These benefits have different purposes and achieve different outcomes. Non-economic benefits are non-taxable lump-sum or periodic payments that recognize and compensate for the non-monetary impacts of illness, injury or death such as loss of or diminished body function, pain and suffering, emotional distress, limitations on daily activities, impact on quality of life, and loss of companionship and guidance. In civil litigation cases involving personal injury, this type of compensation is referred to as non-pecuniary or general damages – money awarded to a plaintiff to provide reasonable solace for his or her intangible losses. The purpose of this report is to assess the fairness of compensation provided by VAC for non-economic loss. The report provides details on the non-economic benefits awarded by VAC to CAF members, Veterans, and survivors to compensate them for the effects of service-related disability and death. Also, it compares these benefits to what other Canadians would receive, either through federal and provincial/territorial programs, such as WCB or through the Canadian courts for personal injury. No comparisons were made with Allied countries because every country designs and administers its programs differently to meet its own needs, national imperatives and economic realities”--Introduction, p. 7-8.</marc:subfield>
    </marc:datafield>
    <marc:datafield tag="530" ind1=" " ind2=" ">
      <marc:subfield code="a">Issued also in print format.</marc:subfield>
    </marc:datafield>
    <marc:datafield tag="692" ind1="0" ind2="7">
      <marc:subfield code="2">gccst</marc:subfield>
      <marc:subfield code="a">Veterans</marc:subfield>
    </marc:datafield>
    <marc:datafield tag="692" ind1="0" ind2="7">
      <marc:subfield code="2">gccst</marc:subfield>
      <marc:subfield code="a">Benefits</marc:subfield>
    </marc:datafield>
    <marc:datafield tag="710" ind1="1" ind2=" ">
      <marc:subfield code="a">Canada. </marc:subfield>
      <marc:subfield code="b">Office of the Veterans Ombudsman.</marc:subfield>
    </marc:datafield>
    <marc:datafield tag="775" ind1="0" ind2="8">
      <marc:subfield code="t">Une indemnisation juste de la douleur et de la souffrance pour les vétérans et leurs survivants </marc:subfield>
      <marc:subfield code="w">(CaOODSP)9.822559</marc:subfield>
    </marc:datafield>
    <marc:datafield tag="776" ind1="0" ind2="#">
      <marc:subfield code="t">FAIR COMPENSATION TO VETERANS AND THEIR SURVIVORS FOR PAIN AND SUFFERING </marc:subfield>
      <marc:subfield code="w">(CaOODSP)9.823629</marc:subfield>
    </marc:datafield>
    <marc:datafield tag="856" ind1="4" ind2="0">
      <marc:subfield code="q">PDF</marc:subfield>
      <marc:subfield code="s">1.31 MB</marc:subfield>
      <marc:subfield code="u">https://publications.gc.ca/collections/collection_2016/acc-vac/V104-13-2016-eng.pdf</marc:subfield>
    </marc:datafield>
  </marc:record>
</marc:collection>
